000 00416nam a2200169 a 4500
003 DLC
005 20210219152740.0
008 991125s1969 000 0 eng u
022 _a0308-0633
035 _aUPN01000059802
245 0 0 _aCONTACT (LONDON)
260 _aLondres, Inglaterra
_bPre-School Playgroups Association
310 _aMensual
653 0 _aNIÑOS
905 _aRevista
999 _c59704
_d59704